000 02941cam a22003252 b4500
001 9389332
003 Nust- CAS-E
005 20180118181402.0
006 m d
007 cr n
008 091209e20100723xxka s|||||||| 2|eng|d
020 _a9781439830994
020 _a1439830991
_cUSD 249.95 Retail Price
024 3 _a9781439830994
035 _a(WaSeSS)ssj0000614823
037 _b00719630
040 _aBIP US
_dWaSeSS
_c0
050 4 _aTD885.5.C3.D484 2010
082 0 0 _a628.5
_222
_bDEV 2010
210 1 0 _aDevelopments and Innovation in Carbon Dioxide (Co2) Capture and Storage Technology
245 0 0 _aDevelopments and Innovation in Carbon Dioxide (Co2) Capture and Storage Technology
_h[electronic resource]
260 _aAbingdon :
_bCRC Press
_cJuly 2010
506 _aLicense restrictions may limit access.
520 8 _aAnnotation
_bThe fossil-fuel power sector and energy-intensive industries are major producers of carbon dioxide (CO2) emissions, contributing to rising global CO2 levels that have been linked to climate change. CO2 capture and storage (CCS) technology is therefore being developed for application to power plants and in CO2-intensive industries to reduce the carbon footprint of these activities and mitigate the potentially harmful effects of climate change. Developments and innovations in this field are aimed at increasing the effectiveness and lowering the cost of capture and at verifying the safety and efficacy of storage/sequestration. CO2 capture options range from post- and pre-combustion separation to advanced combustion-based options, which are applicable to both new-build power plants and as a retrofit to existing plants, and can also be adopted in other industries. CO2 storage options range from geological sequestration in deep saline aquifers and utilization of CO2 for enhanced oil and gas recovery to mineral carbonation and biofixation. Drawing on a distinguished international team of contributors, this comprehensive reference explores the state of the art of research, development, and demonstration of CCS technology in the power sector industry. It reviews the economics, regulation, and planning of CCS for power plants and industry and examines developments and innovation in post- and pre-combustion and advanced combustion processes and technologies for CO2 capture in power plants. This coverage is extended with sections on CO2 compression, transport, and injection as well as industrial applications of CCS technology, including in the cement, concrete, iron, and steel industries.
700 1 _aMaroto-Valer, M. M.
_eEditor
_4edt
773 0 _tWoodhead Publishing Materials and Engineering Collection
856 4 0 _uhttp://www.columbia.edu/cgi-bin/cul/resolve?clio9389332
_zFull text available from Woodhead Publishing Materials and Engineering Collection
910 _aBowker Global Books in Print record
942 _2ddc
_cBK
999 _c355465
_d355465